Putting GIS on the map (Record no. 74718)

MARC details
000 -LEADER
fixed length control field 01270cab a2200241 4500
001 - CONTROL NUMBER
control field ABS68631
008 - FIXED-LENGTH DATA ELEMENTS--GENERAL INFORMATION
fixed length control field 050114n2004 000 0 eng u
035 ## - SYSTEM CONTROL NUMBER
System control number (Sirsi) u128526
100 ## - MAIN ENTRY--PERSONAL NAME
Personal name Lawrence, V.
245 ## - TITLE STATEMENT
Title Putting GIS on the map
260 ## - PUBLICATION, DISTRIBUTION, ETC.
Date of publication, distribution, etc. 2004
490 ## - SERIES STATEMENT
Series statement RICS Business
Volume/sequential designation November/December 2004, 24-25(2)
520 ## - SUMMARY, ETC.
Summary, etc. Explains how new Geographical Information Systems (GIS) are helping improve performance in the construction and property industry. Describes how GIS works and gives examples of its successful application in major projects such as the reshaping of entire landscapes down to speeding up the planning of a housing development or a single site. Considers the use of GIS by practitioners from customised services bought in from specialist providers to desk-top applications on a single PC or on a single enterprise system. View the article at www.rics.org.
590 ## - LOCAL NOTE (RLIN)
Local note ABS
650 ## - SUBJECT ADDED ENTRY--TOPICAL TERM
Topical term or geographic name entry element GIS
650 ## - SUBJECT ADDED ENTRY--TOPICAL TERM
Topical term or geographic name entry element PERFORMANCE MANAGEMENT
650 ## - SUBJECT ADDED ENTRY--TOPICAL TERM
Topical term or geographic name entry element PLANNING
650 ## - SUBJECT ADDED ENTRY--TOPICAL TERM
Topical term or geographic name entry element CONSTRUCTION INDUSTRY
650 ## - SUBJECT ADDED ENTRY--TOPICAL TERM
Topical term or geographic name entry element PROPERTY INDUSTRY
690 ## - LOCAL SUBJECT ADDED ENTRY--TOPICAL TERM (OCLC, RLIN)
Topical term or geographic name as entry element Geomatics
9 (RLIN) 6242
856 ## - ELECTRONIC LOCATION AND ACCESS
Uniform Resource Identifier <a href="https://www.rics.org/RICSservices/RICSjournalsandmagazines/RICSBusiness/rics_bus_nov_dec2004_gis_map.htm">https://www.rics.org/RICSservices/RICSjournalsandmagazines/RICSBusiness/rics_bus_nov_dec2004_gis_map.htm</a>
Public note View the article on the RICS website...
942 ## - ADDED ENTRY ELEMENTS (KOHA)
Suppress in OPAC 0
Holdings
Withdrawn status Lost status Source of classification or shelving scheme Damaged status Not for loan Home library Current library Shelving location Date acquired Total Checkouts Full call number Barcode Date last seen Copy number Price effective from Koha item type
    Dewey Decimal Classification     London London Journal article 14/01/2005   ABS68631 128526-1001 06/08/2019 1 06/08/2019 Journal article